| 000 | 00863pam a2200265 a 4500 | ||
|---|---|---|---|
| 999 |
_c10042 _d10042 |
||
| 001 | 4786742 | ||
| 003 | OSt | ||
| 005 | 20191219154114.0 | ||
| 008 | 870729s1988 nyua b 001 0 eng | ||
| 010 | _a 87021762 | ||
| 020 | _a0393955567 | ||
| 040 |
_aDLC _cDLC _dDLC |
||
| 050 | 0 | 0 |
_aHF1411 _b.E824 1988 |
| 082 | 0 | 0 |
_a337 _219 _bETH/M |
| 100 | 1 | _aEthier, Wilfred. | |
| 245 | 1 | 0 |
_aModern international economics / _cWilfred J. Ethier. |
| 250 | _a2nd ed. | ||
| 260 |
_aNew York : _bNorton, _cc1988. |
||
| 300 |
_axx, 556, 62 p. : _bill. ; _c25 cm. |
||
| 504 | _aIncludes bibliographies and index. | ||
| 504 | _a"Source material in international economics": p. 43-46 (second group) | ||
| 650 | 0 | _aInternational economic relations. | |
| 906 |
_a7 _bcbc _corignew _d1 _eocip _f19 _gy-gencatlg |
||
| 942 |
_2ddc _cBK _h337 _iETH/M _k337 _mETH/M |
||